| 000 | 00580nam a22002177a 4500 | ||
|---|---|---|---|
| 999 |
_c13948 _d13948 |
||
| 003 | MIRAKIL | ||
| 005 | 20200825102356.0 | ||
| 008 | 200825b tu ||||| |||| 00| 0 tur d | ||
| 020 | _a9753850689 | ||
| 040 |
_aTR-AnCHP _cTR-AnCHP |
||
| 041 | _atur | ||
| 082 |
_a891.73 _bG66z 1999 |
||
| 100 | _aGorki, Maksim | ||
| 245 | 1 | 0 |
_azuüm/ _cMaksim Gorki; çeviren Celal Öner. |
| 250 | _a6 bs. | ||
| 260 |
_aİstanbul: _bOda Yayınları, _c1999. |
||
| 300 |
_a158 s.: _c19 sm. |
||
| 650 | 0 |
_95112 _aRus Edebiyatı _xRoman |
|
| 700 | 1 |
_91616 _aÖner, Celal _eçev. |
|
| 942 |
_2ddc _cBKS |
||